000
00283nam a2200121Ia 4500
008
190216s9999||||xx |||||||||||||| ||und||
100
_a
Narayanan K V
245
0
_a
Charitra Bodhanam
260
_b
Kerala Basha Inst
_c
1985
300
_a
192p
650
_a
History
942
_c
BK
999
_c
40485
_d
40485